Pembukaan rasmi bengkel menyelesaikan masalah [ 15 September 1986

Bibliographic Details
Corporate Author: Institut Penilaian Negara
Format: Book
Published: Bangi : Institut Penilaian Negara , 1986
Subjects:

MARC

LEADER 00000cam a2200000 7i4500
001 0000005901
005 20111021.0
040 |a INS 
090 0 0 |a VCD 436 
245 0 0 |a Pembukaan rasmi bengkel menyelesaikan masalah [  |h cakera video]   |c dirasmikan oleh YB En. Eng Cheng Kiat, Timb. Menteri Kewangan :   |b 15 September 1986 
260 |a Bangi :   |b Institut Penilaian Negara ,   |c 1986 
300 |a 1 cakera video (21 min.) :   |b by., wrn. ;   |c 4 3/4 in. 
500 |a Juga terdapat dalam format vhs : VHS 67 
650 0 |a Problem solving 
710 1 |a Institut Penilaian Negara 
999 |a VCD0000436   |b VIDEO CD   |c Media Collection   |e Default branch